| 000 | 00566nam a2200157Ia 4500 | ||
|---|---|---|---|
| 003 | Ost | ||
| 005 | 20260507075702.0 | ||
| 008 | 260507s9999||||xx |||||||||||||| ||und|| | ||
| 040 | _cfsecg | ||
| 041 | _aara | ||
| 100 |
_aقنديلجي، عامر _eمؤلف |
||
| 245 | 0 |
_aقواعد و شبكات المعلومات المحسوبة في المكتبات و مراكز المعلومات / _c عامر قنديلجي |
|
| 260 |
_aعمان: _bدار الفكر للطباعة و النشر و التوزيع, _c2000 |
||
| 300 | _a323 صفحة؛ | ||
| 942 | _cكتاب | ||
| 999 |
_c45849 _d45849 |
||